000 00665nam a2200229Ia 4500
003 OSt
005 20221005114058.0
006 a|||||r|||| 00| 0
007 ta
008 221004b |||||||| |||| 00| 0 eng d
024 _a59839
037 _cTextual
040 _aCRL
_cCRL
_beng
041 _2eng
_aeng
082 _aV2:25:M57a, C6
100 _aPincott Frederic
_9625416
245 0 _aAnalytical index to Sir John W Kaye's history of the sepoy war and Col. G B Malleson's history of the Indian mutiny.
260 _c1896
650 _aHISTORY
942 _hV2:25:M57a, C6
_cTEXL
_2cc
999 _c1030176
_d1030176